| 000 | 00457 a2200181 4500 | ||
|---|---|---|---|
| 001 | 77109 | ||
| 020 | _a9788131718070 | ||
| 082 | _a535 HEC | ||
| 090 |
_c39312 _d39312 |
||
| 100 | _aEugene Hecht : A R Ganesan | ||
| 245 |
_aOptics 4th /Ed _cEugene Hecht : A R Ganesan _hEnglish |
||
| 250 | _a4 th | ||
| 260 |
_aNew Delhi _bPearson Education |
||
| 300 | _avi 650p | ||
| 500 | _aDOS BS Reference Books | ||
| 505 | _aGifted Books | ||
| 600 | _aPhysics | ||
| 942 |
_acaenust _k535 HEC _cBS |
||
| 999 |
_c312182 _d312182 |
||